[Event "4NCL/Div4/LIT2 vs. ANGA2"]
[Site "Birmingham ENG"]
[Date "2007.10.27"]
[Round "1.2"]
[White "Feavyour, John"]
[Black "Hewitt, Sean D"]
[Result "0-1"]
[WhiteElo "2083"]
[BlackElo "2005"]
[PlyCount "122"]
[EventDate "2007.10.27"]
[EventType "team"]
[EventRounds "11"]
[EventCountry "ENG"]
[SourceDate "2007.09.15"]

1. d4 Nf6 2. c4 g6 3. Nc3 Bg7 4. e4 d6 5. Nge2 O-O 6. Ng3 e5 7. d5 a5 8. Be2
Na6 9. h4 h5 10. Bg5 Qe8 11. Nb5 Bd7 12. O-O Bxb5 13. cxb5 Nc5 14. Qc2 Nh7 15.
Be3 b6 16. Nh1 Nf6 17. f3 Nh7 18. g4 Qe7 19. Bf2 Nf6 20. g5 Nh7 {=} 21. Kh2 f6
22. gxf6 Nxf6 23. Rg1 Kh7 24. Be3 Ng4+ 25. fxg4 Qxh4+ 26. Kg2 hxg4 27. Bxg4
Qxg4+ 28. Kh2 Qh4+ 29. Kg2 Qxe4+ 30. Qxe4 Nxe4 31. Rac1 Rf7 32. Rc4 Nf6 33.
Rh4+ Kg8 34. Kh2 Nxd5 35. Bd2 e4 36. Rxg6 e3 37. Be1 Kf8 38. Rhg4 Be5+ 39. Kg1
Ke7 40. Bh4+ Kd7 41. Rg8 Rxg8 42. Rxg8 Rg7+ 43. Rxg7+ Bxg7 44. b3 Nc3 45. Bg5
Bd4 46. Kf1 Nxa2 47. Ng3 Nc1 48. Nf5 e2+ 49. Ke1 Bc3+ 50. Bd2 Bxd2+ 51. Kxd2
Nxb3+ 52. Kxe2 Ke6 53. Ng7+ Kd5 54. Kd3 Nd4 55. Nh5 Nxb5 56. Nf4+ Kc5 57. Kc2
Kc4 58. Nd3 Nd4+ 59. Kd2 a4 60. Nb2+ Kb3 61. Nd3 a3 0-1

[Event "4NCL/Div4/LIT2 vs. ANGA2"]
[Site "Birmingham ENG"]
[Date "2007.10.27"]
[Round "1.3"]
[White "Turner, Lewis"]
[Black "Ruthen, Steven"]
[Result "1-0"]
[WhiteElo "1990"]
[BlackElo "2050"]
[PlyCount "69"]
[EventDate "2007.10.27"]
[EventType "team"]
[EventRounds "11"]
[EventCountry "ENG"]
[SourceDate "2007.09.15"]

1. d4 Nf6 2. c4 g6 3. Nc3 Bg7 4. e4 d6 5. f3 O-O 6. Be3 e5 7. d5 Nh5 8. g4 Nf4
9. Qd2 a6 10. O-O-O Nd7 11. Nge2 b5 12. Nxf4 exf4 13. Bxf4 Ne5 14. Be2 b4 15.
Nb1 a5 16. h4 Ba6 17. Bxe5 Bxe5 18. f4 Bg7 19. h5 Qe7 20. Bd3 c6 21. Rde1 cxd5
22. exd5 Qc7 23. b3 a4 24. hxg6 fxg6 25. Qh2 h6 26. g5 h5 27. Bxg6 axb3 28.
Bh7+ Kh8 29. Qxh5 b2+ 30. Kd1 Bd4 31. Bf5+ Kg8 32. Be6+ Rf7 33. g6 Qxc4 34.
Qh7+ Kf8 35. Qxf7# 1-0

[Event "4NCL/Div4/LIT2 vs. ANGA2"]
[Site "Birmingham ENG"]
[Date "2007.10.27"]
[Round "1.4"]
[White "Lunn, Timothy"]
[Black "Bryant, Kevin"]
[Result "1-0"]
[WhiteElo "2075"]
[BlackElo "1920"]
[PlyCount "49"]
[EventDate "2007.10.27"]
[EventType "team"]
[EventRounds "11"]
[EventCountry "ENG"]
[SourceDate "2007.09.15"]

1. Nf3 Nf6 2. c4 g6 3. Nc3 Bg7 4. e4 d6 5. d4 O-O 6. Be2 c5 7. O-O cxd4 8. Nxd4
Nc6 9. Be3 Bd7 10. Qd2 Ng4 11. Bxg4 Bxg4 12. f3 Bd7 13. Rfd1 Rc8 14. b3 a6 15.
Rac1 Qa5 16. Nd5 Qxd2 17. Rxd2 Rfe8 18. Nb6 Rcd8 19. Rcd1 Bf8 20. c5 Nxd4 21.
Rxd4 Bg7 22. R4d2 Bc3 23. Rd3 Bb4 24. cxd6 exd6 25. Nd5 1-0

[Event "4NCL/Div4/LIT2 vs. ANGA2"]
[Site "Birmingham ENG"]
[Date "2007.10.27"]
[Round "1.5"]
[White "Wylie, Steven"]
[Black "Downham, Alan"]
[Result "0-1"]
[WhiteElo "1910"]
[BlackElo "1975"]
[PlyCount "28"]
[EventDate "2007.10.27"]
[EventType "team"]
[EventRounds "11"]
[EventCountry "ENG"]
[SourceDate "2007.09.15"]

1. d4 d5 2. Bf4 Nf6 3. e3 Bf5 4. c4 e6 5. Qb3 Qc8 6. Nc3 c6 7. cxd5 exd5 8. Rc1
a6 9. Nxd5 Nxd5 10. Qxd5 cxd5 11. Rxc8+ Bxc8 12. Bxb8 Rxb8 13. a3 Bf5 14. Ne2
Rc8 0-1

[Event "4NCL/Div4/LIT2 vs. ANGA2"]
[Site "Birmingham ENG"]
[Date "2007.10.27"]
[Round "1.6"]
[White "Barroso, Adele J"]
[Black "Mapletoft, Alexander J"]
[Result "0-1"]
[WhiteElo "1580"]
[BlackElo "1865"]
[PlyCount "86"]
[EventDate "2007.10.27"]
[EventType "team"]
[EventRounds "11"]
[EventCountry "ENG"]
[SourceDate "2007.09.15"]

1. e4 e5 2. Nf3 Nc6 3. Nc3 Nf6 4. Bb5 Bb4 5. d3 d6 6. h3 O-O 7. O-O Bxc3 8.
bxc3 Ne7 9. Re1 a6 10. Ba4 b5 11. Bb3 Bb7 12. Bg5 Ng6 13. Nh4 c5 14. Nxg6 hxg6
15. Qf3 Rc8 16. Bd5 Bxd5 17. exd5 Qa5 18. c4 bxc4 19. dxc4 Rfd8 20. Bxf6 gxf6
21. Qxf6 Qc3 22. Qh4 Qxc2 23. Qe4 Qxe4 24. Rxe4 Rb8 25. Re2 Rb4 26. Rc2 Rdb8
27. Rac1 Rb2 28. Kh2 a5 29. f3 a4 30. a3 {=} Rxc2 31. Rxc2 Rb3 32. Ra2 Kf8 33.
Kg3 Ke7 34. Kf2 Kd7 35. Ke2 Rc3 36. g4 Rxc4 37. Rd2 g5 38. Rd3 Rc2+ 39. Rd2 Rc3
40. Rd3 Rxd3 41. Kxd3 Kc7 42. Kc3 Kb6 43. Kc4 Ka5 0-1

[Event "4NCL/Div4/GLOSG vs. HAL"]
[Site "Birmingham ENG"]
[Date "2007.10.27"]
[Round "1.1"]
[White "Ponter, Ian"]
[Black "Walker, Nicholas A"]
[Result "1-0"]
[WhiteElo "2037"]
[BlackElo "2090"]
[PlyCount "125"]
[EventDate "2007.10.27"]
[EventType "team"]
[EventRounds "11"]
[EventCountry "ENG"]
[SourceDate "2007.09.15"]

1. e4 c5 2. Nf3 Nc6 3. d4 cxd4 4. Nxd4 Nf6 5. Nc3 e5 6. Ndb5 d6 7. Bg5 a6 8.
Na3 b5 9. Nd5 Be7 10. Bxf6 Bxf6 11. c3 Bg5 12. Nc2 O-O 13. a4 Rb8 14. axb5 axb5
15. Ncb4 Nxb4 16. Nxb4 Bb7 17. Bd3 f5 18. exf5 e4 19. Bxb5 Rxf5 20. Bc6 Qb6 21.
O-O e3 22. Bxb7 exf2+ 23. Kh1 Qxb7 24. Qxd6 Rbf8 25. Rad1 Qe4 26. Qd3 Qg4 27.
Nc2 Rd8 28. Nd4 Rf6 29. h3 Qh4 30. Qc4+ Rf7 31. Qb3 Qh5 32. Nf3 Rxd1 33. Qxd1
Be3 34. Qe2 Qc5 35. Nh2 h5 36. Nf3 Rb7 37. Nd4 Bxd4 38. cxd4 Qxd4 39. Rxf2 Qd5
40. Qe8+ Kh7 41. Qe2 Rc7 42. Qe1 Rc4 43. Rd2 Qc5 44. Qb1+ g6 45. Qd3 Rc1+ 46.
Rd1 Rc4 47. Qd7+ Kh6 48. Qd8 Qe5 49. Qf8+ Kg5 50. Qf7 Rd4 51. Rxd4 Qxd4 52.
Qe7+ Kh6 53. b4 Qd2 54. Qf8+ Kg5 55. Qb8 Kf5 56. b5 g5 57. b6 g4 58. Qc8+ Kg5
59. Qc5+ Kh4 60. Qe7+ Kg3 61. Qe5+ Kh4 62. Kh2 Qf4+ 63. g3+ 1-0

[Event "4NCL/Div4/GLOSG vs. HAL"]
[Site "Birmingham ENG"]
[Date "2007.10.27"]
[Round "1.2"]
[White "Pugh, Glyn D"]
[Black "Lambourne, Daniel M"]
[Result "1/2-1/2"]
[WhiteElo "2000"]
[BlackElo "2100"]
[PlyCount "49"]
[EventDate "2007.10.27"]
[EventType "team"]
[EventRounds "11"]
[EventCountry "ENG"]
[SourceDate "2007.09.15"]

1. e4 c5 2. Nf3 d6 3. Be2 Nc6 4. c3 Nf6 5. d4 cxd4 6. cxd4 Nxe4 7. d5 Qa5+ 8.
Nc3 Nxc3 9. bxc3 Nb8 10. Qb3 a6 11. O-O g6 12. Be3 Nd7 13. Bd4 Rg8 14. Rad1 Bg7
15. c4 Nc5 16. Qe3 Bxd4 17. Nxd4 Bd7 18. Rfe1 Qc7 19. Bf3 Ba4 20. Rb1 O-O-O 21.
Qxe7 Rge8 22. Qf6 Rxe1+ 23. Rxe1 Re8 24. Bg4+ Kb8 25. Rxe8+ 1/2-1/2

[Event "4NCL/Div4/GLOSG vs. HAL"]
[Site "Birmingham ENG"]
[Date "2007.10.27"]
[Round "1.3"]
[White "Buchanan, David"]
[Black "Lee, Darren"]
[Result "0-1"]
[WhiteElo "2090"]
[BlackElo "1950"]
[PlyCount "78"]
[EventDate "2007.10.27"]
[EventType "team"]
[EventRounds "11"]
[EventCountry "ENG"]
[SourceDate "2007.09.15"]

1. e4 e5 2. Nc3 Nf6 3. f4 d5 4. fxe5 Nxe4 5. d3 Nxc3 6. bxc3 d4 7. Nf3 Nc6 8.
Be2 Be7 9. O-O O-O 10. Qe1 f6 11. exf6 Bxf6 12. Qg3 Qe7 13. Bd1 dxc3 14. Bf4
Bd7 15. Bxc7 Nd4 16. Kh1 Nf5 17. Qf2 Bc6 18. Bf4 Qb4 19. Be3 Nxe3 20. Qxe3 Rae8
21. Qc1 Qe7 22. Qb1 Kh8 23. Qb3 Bd4 24. h3 Bf6 25. Ng1 Be5 26. Bf3 {=} Bc7 27.
Rf2 Qd6 28. g3 Bxf3+ 29. Rxf3 Rxf3 30. Nxf3 Qxg3 31. Qf7 Qxh3+ 32. Kg1 Bb6+ 33.
d4 Qc8 34. Kg2 Re2+ 35. Kf1 Rxc2 36. Ng5 h6 37. Qg6 Qc4+ 38. Kg1 Qxd4+ 39. Kh1
Qh4+ 0-1

[Event "4NCL/Div4/GLOSG vs. HAL"]
[Site "Birmingham ENG"]
[Date "2007.10.27"]
[Round "1.4"]
[White "Bull, Philip"]
[Black "Hosken, Nigel"]
[Result "0-1"]
[WhiteElo "1915"]
[BlackElo "1992"]
[PlyCount "42"]
[EventDate "2007.10.27"]
[EventType "team"]
[EventRounds "11"]
[EventCountry "ENG"]
[SourceDate "2007.09.15"]

1. d4 d5 2. e3 Nf6 3. f4 g6 4. Bd3 Bf5 5. Nf3 Bg7 6. c3 Nbd7 7. Na3 O-O 8. Bxf5
gxf5 9. Rg1 Kh8 10. Qc2 Ne4 11. g4 fxg4 12. Rxg4 f5 13. Rg2 Bf6 14. Ng5 Bxg5
15. fxg5 Rg8 16. h4 Qe8 17. Nb5 Qh5 18. Nxc7 Qxh4+ 19. Ke2 Rxg5 20. Kd3 Ndc5+
21. dxc5 Nxc5+ 0-1

[Event "4NCL/Div4/GLOSG vs. HAL"]
[Site "Birmingham ENG"]
[Date "2007.10.27"]
[Round "1.5"]
[White "Meade, Philip J"]
[Black "Peck, Windsor W"]
[Result "1-0"]
[WhiteElo "2020"]
[BlackElo "1825"]
[PlyCount "81"]
[EventDate "2007.10.27"]
[EventType "team"]
[EventRounds "11"]
[EventCountry "ENG"]
[SourceDate "2007.09.15"]

1. e4 e6 2. d4 d5 3. Nd2 Nf6 4. e5 Nfd7 5. Bd3 c5 6. c3 Nc6 7. Ne2 Qb6 8. Nf3
cxd4 9. cxd4 Bb4+ 10. Bd2 Bxd2+ 11. Qxd2 Qb4 12. O-O Qxd2 13. Nxd2 Nb4 14. Bb5
b6 15. a3 Ba6 16. Nc3 Bxb5 17. Nxb5 Nc2 18. Rac1 Nxd4 19. Nxd4 Nxe5 20. Rc3 Kd7
21. Re1 Ng6 22. N2f3 h6 23. Rec1 Rhc8 24. Rxc8 Rxc8 25. Rxc8 Kxc8 26. Nb5 Kb8
27. Nd6 Nh8 28. h4 g6 29. g4 Kc7 30. Ne8+ Kc6 31. g5 hxg5 32. Ne5+ Kc5 33. hxg5
a6 34. f4 a5 35. Kf2 a4 36. Ke3 b5 37. Kd3 b4 38. Ke3 bxa3 39. bxa3 Kb5 40. Kd4
Kb6 41. Nd6 1-0

[Event "4NCL/Div4/GLOSG vs. HAL"]
[Site "Birmingham ENG"]
[Date "2007.10.27"]
[Round "1.6"]
[White "Pakenham, John H"]
[Black "Dodwell, Phil"]
[Result "0-1"]
[WhiteElo "1680"]
[BlackElo "2015"]
[PlyCount "75"]
[EventDate "2007.10.27"]
[EventType "team"]
[EventRounds "11"]
[EventCountry "ENG"]
[SourceDate "2007.09.15"]

1. d4 f5 2. c4 Nf6 3. Nc3 e6 4. Bg5 Bb4 5. Nf3 Bxc3+ 6. bxc3 b6 7. e3 Bb7 8.
Bd3 O-O 9. O-O Qe8 10. Bxf6 Rxf6 11. Qe2 d6 12. e4 Qh5 13. d5 e5 14. exf5 Nd7
15. Qe3 Nc5 16. Be2 Qxf5 17. Rfd1 Raf8 18. Rf1 a5 19. Rac1 Ba6 20. h3 h6 21.
Nh2 Qd7 22. Ng4 Rf4 23. f3 Qa4 24. g3 R4f7 25. Qd2 Bxc4 26. Bxc4 Qxc4 27. Ne3
Qa4 28. c4 Rxf3 29. Rxf3 Rxf3 30. Nf1 Qd7 31. Qg2 Qf7 32. Nh2 Rf5 33. Rc3 e4
34. Ng4 h5 35. Nf2 Qf6 36. Re3 Qd4 37. Re2 e3 38. Nh1 0-1

[Event "4NCL/Div4/KJCAK vs. AMCAD"]
[Site "Birmingham ENG"]
[Date "2007.10.27"]
[Round "1.1"]
[White "Jones, William"]
[Black "Morris-Hill, Ray"]
[Result "1/2-1/2"]
[WhiteElo "1986"]
[BlackElo "2105"]
[PlyCount "82"]
[EventDate "2007.10.27"]
[EventType "team"]
[EventRounds "11"]
[EventCountry "ENG"]
[SourceDate "2007.09.15"]

1. e4 c5 2. Nf3 Nc6 3. d4 cxd4 4. Nxd4 e5 5. Nb5 d6 6. N1c3 a6 7. Na3 b5 8. Nd5
Nge7 9. c4 Nd4 10. cxb5 Nxd5 11. exd5 Bd7 12. Be3 axb5 13. Bxd4 exd4 14. Bd3
Be7 15. O-O O-O 16. Qe2 b4 17. Nc2 b3 18. axb3 Bf6 19. b4 Qb6 20. Ra3 Rfe8 21.
Qd2 Qb7 22. Bc4 Ba4 23. b3 Bd7 24. Rxa8 Rxa8 25. Nxd4 Bxd4 26. Qxd4 Qxb4 27. h3
h6 28. Rc1 Re8 29. Rc3 Bf5 30. Re3 Rxe3 31. Qxe3 Bg6 32. Kh2 Qa3 33. g4 Qb2 34.
Kg3 Qb1 35. f4 Be4 36. f5 Qh1 37. Qf2 Bxd5 38. Bxd5 Qxd5 39. Qf3 Qe5+ 40. Qf4
Qe1+ 41. Qf2 Qe5+ 1/2-1/2

[Event "4NCL/Div4/KJCAK vs. AMCAD"]
[Site "Birmingham ENG"]
[Date "2007.10.27"]
[Round "1.2"]
[White "Duvall, Ian"]
[Black "Bayliss, Lyall C P"]
[Result "1-0"]
[WhiteElo "2045"]
[BlackElo "1967"]
[PlyCount "97"]
[EventDate "2007.10.27"]
[EventType "team"]
[EventRounds "11"]
[EventCountry "ENG"]
[SourceDate "2007.09.15"]

1. d4 Nf6 2. c4 g6 3. Nc3 d5 4. cxd5 Nxd5 5. Bd2 Bg7 6. e4 Nb6 7. Be3 O-O 8. h3
Nc6 9. Nf3 a5 10. Be2 a4 11. O-O f5 12. d5 Ne5 13. Nxe5 Bxe5 14. f4 Bxc3 15.
bxc3 fxe4 16. c4 e6 17. Qd4 exd5 18. cxd5 Qxd5 19. Qb4 Be6 20. Rfd1 Qa5 21.
Qxe4 Rae8 22. Qxb7 Bd5 23. Bxb6 Qxb6+ 24. Qxb6 cxb6 25. Bb5 Rd8 26. Rxd5 Rxd5
27. Bc4 Rxf4 28. Bxd5+ Kg7 29. Rb1 Rd4 30. Bc6 Rd2 31. Bxa4 Rxa2 32. Bc6 Rd2
33. Rxb6 Rd6 34. Ra6 h6 35. Bb5 Rd2 36. Kh2 Rd5 37. Be8 Rg5 38. Ra7+ Kf8 39.
Ba4 Kg8 40. Rd7 h5 41. Bb3+ Kh8 42. Rd5 Rxd5 43. Bxd5 Kg7 44. Kg3 g5 45. Be6
Kf6 46. Bd7 Ke7 47. Bc8 Kf6 48. h4 Kg6 49. Bd7 1-0

[Event "4NCL/Div4/KJCAK vs. AMCAD"]
[Site "Birmingham ENG"]
[Date "2007.10.27"]
[Round "1.3"]
[White "Jones, Victor"]
[Black "McCullough, Simon L"]
[Result "1-0"]
[WhiteElo "1851"]
[BlackElo "2080"]
[PlyCount "61"]
[EventDate "2007.10.27"]
[EventType "team"]
[EventRounds "11"]
[EventCountry "ENG"]
[SourceDate "2007.09.15"]

1. e4 e6 2. d3 d5 3. Nd2 Nf6 4. Ngf3 dxe4 5. dxe4 Bc5 6. Bb5+ c6 7. Bd3 b5 8.
O-O O-O 9. e5 Nd5 10. Ne4 Be7 11. Nfg5 g6 12. Qf3 f6 13. exf6 Bxf6 14. Qg3 e5
15. Nxf6+ Qxf6 16. Ne4 Qg7 17. c4 bxc4 18. Bxc4 Nd7 19. Qh4 h5 20. Bg5 N7b6 21.
Bb3 Kh7 22. Rac1 Ba6 23. Rfe1 Bb5 24. Nc5 Nc7 25. a4 Ba6 26. a5 Nbd5 27. Nxa6
Nxa6 28. Rxc6 Nab4 29. Re6 Rae8 30. Rxe8 Rxe8 31. Qe4 1-0

[Event "4NCL/Div4/KJCAK vs. AMCAD"]
[Site "Birmingham ENG"]
[Date "2007.10.27"]
[Round "1.4"]
[White "Staples, Daniel J"]
[Black "Jones, Laurence"]
[Result "1/2-1/2"]
[WhiteElo "2045"]
[BlackElo "1758"]
[PlyCount "127"]
[EventDate "2007.10.27"]
[EventType "team"]
[EventRounds "11"]
[EventCountry "ENG"]
[SourceDate "2007.09.15"]

1. e4 c5 2. Nf3 d6 3. d4 cxd4 4. Nxd4 Nf6 5. Nc3 g6 6. Be3 Bg7 7. Qd2 h5 8. f3
Nc6 9. Bc4 Bd7 10. Bb3 a6 11. a4 Rc8 12. Nxc6 bxc6 13. a5 c5 14. Na4 Bxa4 15.
Bxa4+ Nd7 16. c3 O-O 17. O-O Ne5 18. Qe2 Ra8 19. h3 Qc8 20. f4 Nc6 21. Bb3 Qb7
22. Bc4 e6 23. f5 Rfe8 24. f6 Bf8 25. Qd2 Ne5 26. Bd3 d5 27. Bh6 Kh7 28. Bxf8
Rxf8 29. Rae1 Nxd3 30. Qxd3 dxe4 31. Rxe4 Rfd8 32. Qc2 Rd7 33. Re5 Rd5 34. Rfe1
Rad8 35. R1e2 Qc7 36. Rxd5 Rxd5 37. b4 cxb4 38. cxb4 Qf4 39. Qc3 Rd1+ 40. Re1
Rxe1+ 41. Qxe1 Qxf6 42. Qe4 Qa1+ 43. Kf2 Qb2+ 44. Kf1 Kg7 45. Qc4 Qf6+ 46. Ke2
Qe5+ 47. Kf2 Qf5+ 48. Ke1 h4 49. Qxh4 Qb5 50. Qd4+ e5 51. Qb2 f5 52. Kf2 Kh6
53. Qd2+ f4 54. g3 Qc4 55. Kg2 Qc6+ 56. Kh2 g5 57. Qf2 fxg3+ 58. Kxg3 Qc3+ 59.
Kh2 e4 60. Qf8+ Kg6 61. Qe8+ Kh6 62. Qxe4 Qd2+ 63. Kg3 Qc3+ 64. Kg4 1/2-1/2

[Event "4NCL/Div4/KJCAK vs. AMCAD"]
[Site "Birmingham ENG"]
[Date "2007.10.27"]
[Round "1.5"]
[White "Maguire, Robert"]
[Black "Mitchell, Stephen R"]
[Result "1/2-1/2"]
[WhiteElo "1703"]
[BlackElo "2010"]
[PlyCount "40"]
[EventDate "2007.10.27"]
[EventType "team"]
[EventRounds "11"]
[EventCountry "ENG"]
[SourceDate "2007.09.15"]

1. e4 d6 2. d4 Nf6 3. Nc3 Nbd7 4. Bd3 e5 5. d5 Be7 6. Nge2 O-O 7. Ng3 Nc5 8.
Be2 a5 9. O-O Ne8 10. Bg4 Nxe4 11. Ncxe4 f5 12. Nxf5 Bxf5 13. Bxf5 Rxf5 14. Qg4
g6 15. Ng3 Rf7 16. Qe4 Ng7 17. f4 exf4 18. Bxf4 Qd7 19. Ne2 Raf8 20. Nc3 Bd8
1/2-1/2

[Event "4NCL/Div4/KJCAK vs. AMCAD"]
[Site "Birmingham ENG"]
[Date "2007.10.27"]
[Round "1.6"]
[White "Davda, Rahil"]
[Black "Gahir, Jasdeep"]
[Result "1-0"]
[WhiteElo "1833"]
[BlackElo "1715"]
[PlyCount "95"]
[EventDate "2007.10.27"]
[EventType "team"]
[EventRounds "11"]
[EventCountry "ENG"]
[SourceDate "2007.09.15"]

1. d4 d5 2. c4 dxc4 3. e4 e5 4. d5 Nf6 5. Nc3 b5 6. Bg5 a6 7. a4 b4 8. Na2 Bc5
9. Bxc4 Bxf2+ 10. Kf1 Bc5 11. Nf3 Qd6 12. Qe1 a5 13. Nc1 Ba6 14. Qe2 h6 15.
Bxf6 Qxf6 16. Bxa6 Nxa6 17. Qb5+ Ke7 18. Qxa5 Qf4 19. Nd3 Qxe4 20. Nfxe5 Qxd5
21. Re1 Kf8 22. Nxc5 Nxc5 23. Qxc5+ Qxc5 24. Nd7+ Kg8 25. Nxc5 Kh7 26. Kf2 Rhd8
27. Rd1 Re8 28. Rhe1 Red8 29. Rxd8 Rxd8 30. a5 Kg6 31. a6 Rd2+ 32. Re2 Rd5 33.
a7 Rd8 34. Re7 c6 35. Rb7 Ra8 36. Nd7 c5 37. Nb6 Rxa7 38. Rxa7 c4 39. Nxc4 b3
40. Nd2 Kf6 41. Nxb3 Ke6 42. Nd2 g5 43. Rc7 f5 44. b4 Kd6 45. Rc2 f4 46. b5 g4
47. b6 h5 48. b7 1-0

[Event "4NCL/Div4/NOTT1 vs. CELT2"]
[Site "Birmingham ENG"]
[Date "2007.10.27"]
[Round "1.1"]
[White "Richmond, Robert J"]
[Black "Evans, Craig"]
[Result "1-0"]
[WhiteElo "2257"]
[BlackElo "2034"]
[PlyCount "95"]
[EventDate "2007.10.27"]
[EventType "team"]
[EventRounds "11"]
[EventCountry "ENG"]
[SourceDate "2007.09.15"]

1. d4 d6 2. e4 Nf6 3. f3 e5 4. d5 c5 5. c4 Na6 6. Nc3 Nc7 7. Bd3 Be7 8. Be3 a6
9. Nge2 Nh5 10. Qd2 h6 11. g4 Bh4+ 12. Kf1 Nf6 13. Kg2 O-O 14. Ng3 Nh7 15. Nf5
Bxf5 16. exf5 Qd7 17. Ne4 Ne8 18. a4 Nef6 19. Nxf6+ Nxf6 20. Kh3 Qe7 21. b4
cxb4 22. Bxh6 Nxd5 23. cxd5 gxh6 24. Qxb4 Bf2 25. Kg2 Bd4 26. Rae1 Qh4 27. Re2
Kh8 28. Qxb7 Rg8 29. h3 Ra7 30. Qb4 f6 31. Be4 Bc5 32. Qb1 Rgg7 33. Qe1 Qg5 34.
Qc1 Rgb7 35. Qxg5 fxg5 36. h4 gxh4 37. Rxh4 Kg7 38. f6+ Kxf6 39. Rxh6+ Kg7 40.
g5 Kg8 41. Kg3 Ba3 42. Reh2 Rg7 43. Rh8+ Kf7 44. Kg4 Bc5 45. g6+ Kf6 46. Rf8+
Ke7 47. Rhh8 Bb6 48. Bf5 1-0

[Event "4NCL/Div4/NOTT1 vs. CELT2"]
[Site "Birmingham ENG"]
[Date "2007.10.27"]
[Round "1.2"]
[White "Davy, John"]
[Black "Mercs, Peter J"]
[Result "0-1"]
[WhiteElo "1936"]
[BlackElo "2067"]
[PlyCount "118"]
[EventDate "2007.10.27"]
[EventType "team"]
[EventRounds "11"]
[EventCountry "ENG"]
[SourceDate "2007.09.15"]

1. d4 Nf6 2. Nf3 e6 3. g3 b5 4. Bg2 Bb7 5. O-O c5 6. b3 cxd4 7. Nxd4 Bxg2 8.
Kxg2 Qb6 9. Qd3 a6 10. e4 Bc5 11. Bb2 Nc6 12. c3 O-O 13. Nd2 Ne5 14. Qe2 Ng6
15. a4 b4 16. N4f3 d5 17. c4 {=} Nxe4 18. Nxe4 dxe4 19. Qxe4 Rad8 20. Qe2 Rd7
21. Rad1 Rfd8 22. Rxd7 Rxd7 23. h4 f6 24. h5 Nf8 25. h6 e5 26. hxg7 Ng6 27. Rh1
Qd6 28. Bc1 Kxg7 29. Qe4 Qd3 30. Nd2 f5 31. Qc6 Qd6 32. Qxd6 Bxd6 33. Kf1 e4
34. Bb2+ Be5 35. Bc1 Bc3 36. Ke2 Ne5 37. Nb1 Bd4 38. Rd1 Nd3 39. Be3 Bxe3 40.
Kxe3 Kf6 41. f3 Rg7 42. Rg1 f4+ 43. Kxe4 Nf2+ 44. Kd5 fxg3 45. Kc5 g2 46. Nd2
Nh3 47. Ne4+ Ke7 48. Rxg2 Rxg2 49. Kxb4 Ng5 50. Nc5 h5 51. Nd3 h4 52. Nf4 h3
53. Nxh3 Nxh3 54. Ka5 Rg6 55. b4 Kd7 56. b5 axb5 57. axb5 Kc7 58. c5 Nf4 59. c6
Nd5 0-1

[Event "4NCL/Div4/NOTT1 vs. CELT2"]
[Site "Birmingham ENG"]
[Date "2007.10.27"]
[Round "1.3"]
[White "Walker, Andrew N"]
[Black "Burgess, Thomas"]
[Result "1-0"]
[WhiteElo "2040"]
[BlackElo "1870"]
[PlyCount "89"]
[EventDate "2007.10.27"]
[EventType "team"]
[EventRounds "11"]
[EventCountry "ENG"]
[SourceDate "2007.09.15"]

1. e4 e6 2. d4 d5 3. Nc3 Nf6 4. Bg5 dxe4 5. Nxe4 Be7 6. Bxf6 Bxf6 7. Nf3 b6 8.
Bd3 Bb7 9. O-O Nd7 10. Qe2 O-O 11. Bb5 Be7 12. c3 Nf6 {=} 13. Nxf6+ Bxf6 14.
Rfe1 Qd5 15. Bd3 Qh5 16. Be4 Bxe4 17. Qxe4 c5 18. g4 Qg6 19. Qxg6 hxg6 20. dxc5
bxc5 21. Rad1 Rfd8 22. Kf1 Kf8 23. Ke2 Ke8 {=} 24. Rxd8+ Rxd8 25. Rd1 Rb8 26.
Rd2 g5 27. Kd3 Rd8+ 28. Kc4 Rxd2 29. Nxd2 Be7 30. Nb3 Bd6 31. h3 Kd7 32. Nxc5+
Kc6 33. Ne4 Bf4 34. b4 Bc1 35. a4 f5 36. b5+ Kc7 37. gxf5 exf5 38. Ng3 g6 39.
Kd5 Kd7 40. c4 Bf4 41. Ne2 Bc7 42. f3 a6 43. bxa6 Bb6 44. c5 Ba7 45. Nd4 1-0

[Event "4NCL/Div4/NOTT1 vs. CELT2"]
[Site "Birmingham ENG"]
[Date "2007.10.27"]
[Round "1.4"]
[White "Tew, Paul"]
[Black "Truman, Richard G"]
[Result "0-1"]
[WhiteElo "1859"]
[BlackElo "2040"]
[PlyCount "90"]
[EventDate "2007.10.27"]
[EventType "team"]
[EventRounds "11"]
[EventCountry "ENG"]
[SourceDate "2007.09.15"]

1. e4 c5 2. Nf3 d6 3. Bb5+ Nd7 4. O-O Ngf6 5. e5 dxe5 6. Nxe5 a6 7. Nxd7 Bxd7
8. Bxd7+ Qxd7 9. d3 g6 10. Nd2 Bg7 11. Ne4 Rc8 12. Qe2 O-O 13. Re1 Rfe8 14. Rb1
Nd5 15. Be3 b6 16. Qd2 e5 17. Nc3 f5 18. Bh6 Bh8 19. Nxd5 Qxd5 20. b3 Re6 21.
c4 Qd7 22. Qe2 Rd6 23. Rbd1 Bf6 24. f4 Re8 25. Qf3 Rde6 26. fxe5 Bxe5 27. Kf1
Bc3 28. Rxe6 Qxe6 29. Qd5 Qxd5 30. cxd5 Rd8 31. Bd2 Bxd2 32. Rxd2 Rxd5 33. Kf2
Kf7 34. Ke3 Kf6 35. d4 cxd4+ 36. Rxd4 Rxd4 37. Kxd4 Ke6 38. a4 g5 39. b4 Kd6
40. g3 h5 41. h4 f4 42. hxg5 fxg3 43. Ke3 h4 44. Kf3 Ke5 45. Kg4 g2 0-1

[Event "4NCL/Div4/NOTT1 vs. CELT2"]
[Site "Birmingham ENG"]
[Date "2007.10.27"]
[Round "1.5"]
[White "Levens, David"]
[Black "Larter, Nick"]
[Result "0-1"]
[WhiteElo "2010"]
[BlackElo "1780"]
[PlyCount "23"]
[EventDate "2007.10.27"]
[EventType "team"]
[EventRounds "11"]
[EventCountry "ENG"]
[SourceDate "2007.09.15"]

1. e4 e6 2. d4 d5 3. Nc3 Nf6 4. e5 Nfd7 5. Nce2 c5 6. c3 Nc6 7. f4 cxd4 8. cxd4
Qb6 9. Nf3 Be7 10. g3 a5 11. Bh3 a4 12. O-O {Mobile phone default} 0-1

[Event "4NCL/Div4/NOTT1 vs. CELT2"]
[Site "Birmingham ENG"]
[Date "2007.10.27"]
[Round "1.6"]
[White "Kitchen, Michael J"]
[Black "Kingston, Ian"]
[Result "0-1"]
[WhiteElo "1730"]
[BlackElo "2025"]
[PlyCount "44"]
[EventDate "2007.10.27"]
[EventType "team"]
[EventRounds "11"]
[EventCountry "ENG"]
[SourceDate "2007.09.15"]

1. d4 Nf6 2. c4 g6 3. Nc3 Bg7 4. e3 O-O 5. Nf3 d6 6. Bd3 Nbd7 7. O-O e5 8. dxe5
dxe5 9. e4 Re8 10. b3 Nc5 11. Bc2 Bg4 12. Be3 Qe7 13. Qe2 c6 14. Rfd1 Ne6 15.
Rd3 Nh5 16. g3 f5 17. Rad1 f4 18. Bc1 Nd4 19. Rxd4 exd4 20. Nb1 fxg3 21. fxg3
Rf8 22. Kg2 Bxf3+ 0-1

[Event "4NCL/Div4/AMCAH vs. BRI2"]
[Site "Birmingham ENG"]
[Date "2007.10.27"]
[Round "1.1"]
[White "Moore, Andrew"]
[Black "Humphreys, Jerry"]
[Result "0-1"]
[WhiteElo "1865"]
[BlackElo "2078"]
[PlyCount "122"]
[EventDate "2007.10.27"]
[EventType "team"]
[EventRounds "11"]
[EventCountry "ENG"]
[SourceDate "2007.09.15"]

1. d4 Nf6 2. c4 g6 3. Nc3 d5 4. e3 Bg7 5. Nf3 O-O 6. Qb3 e6 7. cxd5 exd5 8. Bd3
Qd6 9. Bd2 Nbd7 10. Nb5 Qb6 11. Rc1 c5 12. dxc5 Nxc5 13. Qa3 Nxd3+ 14. Qxd3 Bf5
15. Qb3 Rac8 16. O-O Rfe8 17. Nbd4 Qxb3 18. Nxb3 Bd3 19. Rxc8 Rxc8 20. Rd1 Ne4
21. Bb4 Bc4 22. Nfd4 Bxd4 23. Nxd4 Bxa2 24. b3 Nc5 25. Rc1 b6 26. h3 a5 27.
Bxc5 bxc5 28. Kf1 Kf8 29. Ke1 Ke7 30. Ra1 cxd4 31. Rxa2 dxe3 32. fxe3 Rc5 33.
Kd2 Ke6 34. Kd3 Ke5 35. g4 h6 36. Rf2 f6 37. Rf4 Rc1 38. Ra4 Rb1 39. Kc2 Rh1
40. Rxa5 Rxh3 41. Kd3 Rg3 42. Ra4 Rg1 43. Rf4 Ra1 44. b4 Ra3+ 45. Kd2 Rb3 46.
Rd4 Rb1 47. Kc2 Re1 48. b5 Re2+ 49. Kc1 Rxe3 50. Rb4 Re4 51. Rb3 Rxg4 52. b6
Rc4+ 53. Kd2 Rc8 54. Re3+ Kd6 55. b7 Rb8 56. Rb3 Kc7 57. Rf3 Rxb7 58. Rxf6 Rb6
59. Rf7+ Kc6 60. Kd3 Kc5 61. Kc3 g5 0-1